[Event "Kibizov Memorial 2018"]
[Site "?"]
[Date "2018.06.24"]
[Round "4.1"]
[White "Doluhanova, Evgeniya"]
[Black "Simakova, Elena"]
[Result "1-0"]
[BlackElo "1953"]
[WhiteElo "2257"]
[LiveChessVersion "1.4.8"]

1. e4 {[%clk 1:23:02]} c5 {[%clk 1:30:57]} 2. Na3 {[%clk 1:18:14]} Nc6
{[%clk 1:23:23]} 3. f4 {[%clk 1:16:56]} g6 {[%clk 1:20:52]} 4. Nf3
{[%clk 1:17:07]} Bg7 {[%clk 1:20:35]} 5. c3 {[%clk 1:17:15]} e6 {[%clk 1:09:18]}
6. d3 {[%clk 1:06:29]} Nge7 {[%clk 1:04:29]} 7. Be3 {[%clk 1:06:26]} d6
{[%clk 1:03:17]} 8. g4 {[%clk 1:04:42]} Rb8 {[%clk 1:01:43]} 9. Qd2
{[%clk 0:59:32]} b5 {[%clk 0:53:50]} 10. Rc1 {[%clk 0:51:24]} b4 {[%clk 0:44:28]}
11. cxb4 {[%clk 0:49:37]} cxb4 {[%clk 0:37:08]} 12. Nc4 {[%clk 0:48:26]} d5
{[%clk 0:36:07]} 13. Nce5 {[%clk 0:48:33]} Bb7 {[%clk 0:29:44]} 14. Bg2
{[%clk 0:21:31]} Nxe5 {[%clk 0:24:19]} 15. Nxe5 {[%clk 0:21:45]} f6
{[%clk 0:20:24]} 16. Nf3 {[%clk 0:21:58]} dxe4 {[%clk 0:14:09]} 17. Nd4
{[%clk 0:08:51]} Kf7 {[%clk 0:12:21]} 18. dxe4 {[%clk 0:08:46]} f5
{[%clk 0:10:12]} 19. O-O {[%clk 0:04:37]} Re8 {[%clk 0:05:05]} 20. gxf5
{[%clk 0:02:43]} gxf5 {[%clk 0:05:25]} 21. exf5 {[%clk 0:02:32]} Nxf5
{[%clk 0:03:42]} 22. Nxf5 {[%clk 0:02:32]} Qxd2 {[%clk 0:02:40]} 23. Rc7+
{[%clk 0:02:04]} Kf6 {[%clk 0:01:55]} 24. Bxd2 {[%clk 0:02:27]} Bxg2
{[%clk 0:02:05]} 25. Nxg7 {[%clk 0:02:32]} Red8 {[%clk 0:00:45]} 26. Kxg2
{[%clk 0:01:03]} Rxd2+ {[%clk 0:01:02]} 27. Rf2 {[%clk 0:01:31]} Rbd8
{[%clk 0:00:52]} 28. Nh5+ {[%clk 0:01:08]} Kg6 {[%clk 0:00:44]} 29. Ng3
{[%clk 0:01:15]} Rxf2+ {[%clk 0:00:58]} 30. Kxf2 {[%clk 0:01:40]} Rd2+
{[%clk 0:01:22]} 31. Ne2 {[%clk 0:02:03]} Rxb2 {[%clk 0:00:47]} 32. Rxa7
{[%clk 0:02:29]} h5 {[%clk 0:00:38]} 33. Ra5 {[%clk 0:02:43]} Kf6
{[%clk 0:00:36]} 34. Kf3 {[%clk 0:02:09]} b3 {[%clk 0:00:55]} 35. axb3
{[%clk 0:02:10]} Rxb3+ {[%clk 0:01:22]} 36. Ke4 {[%clk 0:02:23]} Rh3
{[%clk 0:01:14]} 37. Nd4 {[%clk 0:01:42]} Rxh2 {[%clk 0:01:16]} 38. Ra6
{[%clk 0:02:05]} Kf7 {[%clk 0:01:01]} 39. Nxe6 {[%clk 0:02:10]} h4
{[%clk 0:00:40]} 40. Ng5+ {[%clk 0:02:36]} Kg7 {[%clk 0:01:03]} 41. Kf5
{[%clk 0:02:56]} Rh1 {[%clk 0:00:36]} 42. Ra7+ {[%clk 0:03:18]} Kg8
{[%clk 0:00:45]} 43. Ke4 1-0

[Event "Kibizov Memorial 2018"]
[Site "?"]
[Date "2018.06.24"]
[Round "4.2"]
[White "Borsuk, Angela"]
[Black "Petrenko, Svetlana"]
[Result "1/2-1/2"]
[BlackElo "2188"]
[WhiteElo "2147"]
[LiveChessVersion "1.4.8"]

1. d4 {[%clk 1:30:58]} d6 {[%clk 1:30:42]} 2. c4 {[%clk 1:31:24]} e5
{[%clk 1:30:51]} 3. dxe5 {[%clk 1:31:42]} dxe5 {[%clk 1:31:15]} 4. Qxd8+
{[%clk 1:32:06]} Kxd8 {[%clk 1:31:37]} 5. Nc3 {[%clk 1:32:28]} c6
{[%clk 1:31:52]} 6. Nf3 {[%clk 1:31:51]} f6 {[%clk 1:31:42]} 7. e4
{[%clk 1:32:03]} Be6 {[%clk 1:31:24]} 8. Be3 {[%clk 1:32:12]} Nd7
{[%clk 1:29:53]} 9. O-O-O {[%clk 1:31:47]} Kc7 {[%clk 1:30:01]} 10. Be2
{[%clk 1:32:06]} a5 {[%clk 1:20:32]} 11. Kc2 {[%clk 1:27:42]} Nh6
{[%clk 1:16:19]} 12. h3 {[%clk 1:26:03]} Nc5 {[%clk 1:10:51]} 13. Nd2
{[%clk 1:21:48]} a4 {[%clk 1:10:30]} 14. f4 {[%clk 1:20:17]} Nf7 {[%clk 1:10:23]}
15. f5 {[%clk 1:20:40]} Bd7 {[%clk 1:10:40]} 16. g4 {[%clk 1:21:00]} Be7
{[%clk 1:10:30]} 17. h4 {[%clk 1:21:10]} h6 {[%clk 1:09:29]} 18. Rhg1
{[%clk 1:20:36]} b6 {[%clk 1:08:37]} 19. Nf3 {[%clk 1:19:50]} Nd6
{[%clk 1:08:45]} 20. Nd2 {[%clk 1:19:27]} Nf7 {[%clk 1:08:52]} 21. Nf3
{[%clk 1:17:54]} Nd6 {[%clk 1:09:00]} 22. Nd2 {[%clk 1:16:05]} 1/2-1/2

[Event "Kibizov Memorial 2018"]
[Site "?"]
[Date "2018.06.24"]
[Round "4.3"]
[White "Prudnikova, Svetlana"]
[Black "Filippova, Darya"]
[Result "1/2-1/2"]
[BlackElo "1938"]
[WhiteElo "2252"]
[LiveChessVersion "1.4.8"]

1. d4 {[%clk 1:30:58]} Nf6 {[%clk 1:30:43]} 2. Nf3 {[%clk 1:30:37]} e6
{[%clk 1:30:29]} 3. c4 {[%clk 1:30:23]} d5 {[%clk 1:30:36]} 4. Nc3
{[%clk 1:30:01]} c6 {[%clk 1:30:33]} 5. Bg5 {[%clk 1:29:58]} Be7 {[%clk 1:28:33]}
6. e3 {[%clk 1:29:36]} Nbd7 {[%clk 1:28:24]} 7. Qc2 {[%clk 1:29:44]} h6
{[%clk 1:26:56]} 8. Bh4 {[%clk 1:29:17]} O-O {[%clk 1:26:41]} 9. Rd1
{[%clk 1:28:27]} a6 {[%clk 1:22:13]} 10. a3 {[%clk 1:28:21]} Re8 {[%clk 1:13:38]}
11. h3 {[%clk 1:20:41]} Qa5 {[%clk 1:05:29]} 12. Bd3 {[%clk 1:07:23]} dxc4
{[%clk 1:01:50]} 13. Bxc4 {[%clk 1:07:34]} b5 {[%clk 1:01:20]} 14. Ba2
{[%clk 1:06:09]} Bb7 {[%clk 1:00:57]} 15. O-O {[%clk 1:03:19]} Qb6
{[%clk 0:56:30]} 16. e4 {[%clk 0:57:08]} c5 {[%clk 0:52:01]} 17. d5
{[%clk 0:48:47]} e5 {[%clk 0:49:13]} 18. g4 {[%clk 0:45:14]} Bd6 {[%clk 0:46:43]}
19. Bg3 {[%clk 0:44:21]} g5 {[%clk 0:44:44]} 20. Rd2 {[%clk 0:34:07]} 1/2-1/2

[Event "Kibizov Memorial 2018"]
[Site "?"]
[Date "2018.06.24"]
[Round "4.4"]
[White "Mukhina, Jana"]
[Black "Grigorieva, Yulia"]
[Result "1/2-1/2"]
[BlackElo "2035"]
[WhiteElo "2050"]
[LiveChessVersion "1.4.8"]

1. e4 {[%clk 1:29:33]} e5 {[%clk 1:30:51]} 2. Nf3 {[%clk 1:29:59]} Nc6
{[%clk 1:31:17]} 3. Bb5 {[%clk 1:30:26]} a6 {[%clk 1:31:41]} 4. Ba4
{[%clk 1:30:53]} d6 {[%clk 1:31:57]} 5. O-O {[%clk 1:27:10]} Bd7 {[%clk 1:30:46]}
6. Re1 {[%clk 1:20:58]} g5 {[%clk 1:23:41]} 7. Kh1 {[%clk 1:02:11]} g4
{[%clk 1:16:28]} 8. Ng1 {[%clk 1:01:23]} Qh4 {[%clk 1:14:25]} 9. Rf1
{[%clk 0:48:31]} O-O-O {[%clk 1:06:11]} 10. c3 {[%clk 0:47:54]} f5
{[%clk 0:54:48]} 11. exf5 {[%clk 0:42:20]} Nge7 {[%clk 0:48:52]} 12. b4
{[%clk 0:42:27]} Nxf5 {[%clk 0:35:15]} 13. Ne2 {[%clk 0:34:02]} Rg8
{[%clk 0:30:16]} 14. b5 {[%clk 0:33:33]} axb5 {[%clk 0:25:11]} 15. Bxb5
{[%clk 0:33:58]} Rg6 {[%clk 0:22:06]} 16. d3 {[%clk 0:32:21]} Bh6
{[%clk 0:20:05]} 17. g3 {[%clk 0:29:08]} Qh5 {[%clk 0:18:11]} 18. Nd2
{[%clk 0:29:35]} Be6 {[%clk 0:12:10]} 19. Bc4 {[%clk 0:24:26]} d5
{[%clk 0:08:40]} 20. Bb3 {[%clk 0:24:25]} Rf8 {[%clk 0:05:10]} 21. Rg1
{[%clk 0:24:07]} Nd6 {[%clk 0:03:05]} 22. Rg2 {[%clk 0:23:46]} Rgf6
{[%clk 0:02:55]} 23. Qe1 {[%clk 0:23:06]} Nf7 {[%clk 0:02:10]} 24. c4
{[%clk 0:21:15]} Bxd2 {[%clk 0:01:35]} 25. Bxd2 {[%clk 0:21:26]} d4
{[%clk 0:01:24]} 26. a4 {[%clk 0:20:05]} Ng5 {[%clk 0:00:59]} 27. Bxg5
{[%clk 0:20:11]} Qxg5 {[%clk 0:01:26]} 28. a5 {[%clk 0:19:45]} Nb8
{[%clk 0:01:04]} 29. Ba4 {[%clk 0:17:40]} Qf5 {[%clk 0:00:46]} 30. Nc1
{[%clk 0:14:44]} Na6 {[%clk 0:00:47]} 31. Ra2 {[%clk 0:14:43]} Nc5
{[%clk 0:00:44]} 32. Bb5 {[%clk 0:13:03]} Nxd3 {[%clk 0:00:39]} 33. Nxd3
{[%clk 0:13:21]} Qxd3 {[%clk 0:01:04]} 34. a6 {[%clk 0:12:49]} bxa6
{[%clk 0:01:07]} 35. Bxa6+ {[%clk 0:08:33]} Kd8 {[%clk 0:01:15]} 36. Bb5
{[%clk 0:08:16]} Ke7 {[%clk 0:00:52]} 37. Ra7 {[%clk 0:08:22]} Kf7
{[%clk 0:00:43]} 38. Bc6 {[%clk 0:04:28]} Bxc4 {[%clk 0:00:42]} 39. Rxc7+
{[%clk 0:04:44]} Kg8 {[%clk 0:00:43]} 40. Qxe5 {[%clk 0:02:53]} Qf5
{[%clk 0:00:44]} 41. Qxd4 {[%clk 0:02:20]} Bf1 {[%clk 0:00:41]} 42. Rg1
{[%clk 0:00:39]} Be2 {[%clk 0:00:55]} 43. Bd5+ {[%clk 0:00:34]} Kh8
{[%clk 0:00:58]} 44. Be4 {[%clk 0:00:46]} Qxe4+ {[%clk 0:00:43]} 1/2-1/2

[Event "Kibizov Memorial 2018"]
[Site "?"]
[Date "2018.06.24"]
[Round "4.5"]
[White "Denikina, Natalia"]
[Black "Eidelson, Rakhil"]
[Result "0-1"]
[BlackElo "2080"]
[WhiteElo "2161"]
[LiveChessVersion "1.4.8"]

1. e4 {[%clk 1:30:58]} c5 {[%clk 1:30:57]} 2. Nf3 {[%clk 1:31:22]} Nc6
{[%clk 1:30:59]} 3. Bb5 {[%clk 1:31:45]} Qc7 {[%clk 1:31:25]} 4. O-O
{[%clk 1:31:50]} a6 {[%clk 1:31:50]} 5. Bxc6 {[%clk 1:31:39]} dxc6
{[%clk 1:32:15]} 6. d3 {[%clk 1:31:40]} e5 {[%clk 1:32:40]} 7. h3
{[%clk 1:31:35]} Ne7 {[%clk 1:32:48]} 8. Nc3 {[%clk 1:24:08]} Ng6
{[%clk 1:32:51]} 9. Ne2 {[%clk 1:23:58]} f6 {[%clk 1:31:48]} 10. Be3
{[%clk 1:21:27]} Be6 {[%clk 1:31:33]} 11. Qd2 {[%clk 1:21:26]} Rd8
{[%clk 1:30:14]} 12. Nh2 {[%clk 1:10:04]} c4 {[%clk 1:22:58]} 13. d4
{[%clk 1:08:22]} Bd6 {[%clk 1:21:31]} 14. Nf3 {[%clk 1:04:34]} O-O
{[%clk 1:20:16]} 15. Qc3 {[%clk 1:03:37]} b5 {[%clk 1:19:21]} 16. a3
{[%clk 1:02:19]} Rb8 {[%clk 1:09:57]} 17. Qd2 {[%clk 0:59:05]} Rbe8
{[%clk 1:04:31]} 18. Ne1 {[%clk 0:57:02]} Bc8 {[%clk 1:02:35]} 19. f3
{[%clk 0:56:05]} Rd8 {[%clk 0:58:15]} 20. Qc1 {[%clk 0:52:59]} exd4
{[%clk 0:54:38]} 21. Bxd4 {[%clk 0:52:04]} Qe7 {[%clk 0:53:30]} 22. Bb6
{[%clk 0:42:37]} Qe5 {[%clk 0:53:00]} 23. f4 {[%clk 0:39:50]} Qxe4
{[%clk 0:51:33]} 24. Nc3 {[%clk 0:39:48]} Qf5 {[%clk 0:51:27]} 25. Bxd8
{[%clk 0:39:29]} Rxd8 {[%clk 0:51:36]} 26. Nf3 {[%clk 0:38:53]} Nxf4
{[%clk 0:50:40]} 27. b4 {[%clk 0:34:06]} cxb3 {[%clk 0:47:56]} 28. cxb3
{[%clk 0:34:35]} Qg6 {[%clk 0:48:10]} 29. Ra2 {[%clk 0:34:21]} Nxh3+
{[%clk 0:43:23]} 30. Kh1 {[%clk 0:34:47]} Nf4 {[%clk 0:43:15]} 31. b4
{[%clk 0:33:15]} Bc7 {[%clk 0:41:21]} 32. Qe3 {[%clk 0:32:57]} Qh6+
{[%clk 0:32:35]} 33. Nh2 {[%clk 0:33:22]} Qxh2+ {[%clk 0:27:13]} 34. Kxh2
{[%clk 0:33:47]} Nd5+ {[%clk 0:27:41]} 35. Qg3 {[%clk 0:34:11]} Bxg3+
{[%clk 0:28:07]} 36. Kxg3 {[%clk 0:34:38]} Nxc3 {[%clk 0:28:34]} 37. Rc2
{[%clk 0:34:59]} Ne4+ {[%clk 0:27:24]} 38. Kf4 {[%clk 0:35:14]} Re8
{[%clk 0:27:00]} 39. Rd1 {[%clk 0:33:46]} h5 {[%clk 0:26:37]} 40. Rd4
{[%clk 0:33:35]} g5+ {[%clk 0:25:16]} 41. Ke3 {[%clk 0:34:01]} Nd6+
{[%clk 0:24:46]} 42. Kf2 {[%clk 0:34:27]} Nc4 {[%clk 0:25:00]} 43. a4
{[%clk 0:34:51]} Ne5 {[%clk 0:24:18]} 44. Re2 {[%clk 0:33:27]} Be6
{[%clk 0:23:58]} 45. axb5 {[%clk 0:33:47]} axb5 {[%clk 0:24:20]} 46. Re1
{[%clk 0:33:44]} h4 {[%clk 0:24:19]} 47. Ra1 {[%clk 0:33:59]} Bd5
{[%clk 0:24:05]} 48. Ke1 0-1

[Event "Kibizov Memorial 2018"]
[Site "?"]
[Date "2018.06.24"]
[Round "4.6"]
[White "Smorchkov, Danil"]
[Black "Vaseptsov, Maxim"]
[Result "1-0"]
[BlackElo "2256"]
[WhiteElo "2216"]
[LiveChessVersion "1.4.8"]

1. d4 {[%clk 1:30:55]} Nf6 {[%clk 1:17:17]} 2. c4 {[%clk 1:31:04]} e6
{[%clk 1:16:47]} 3. Nc3 {[%clk 1:27:32]} Bb4 {[%clk 1:17:11]} 4. Qc2
{[%clk 1:27:28]} O-O {[%clk 1:15:49]} 5. Bg5 {[%clk 1:23:54]} h6 {[%clk 1:12:19]}
6. Bh4 {[%clk 1:24:10]} c5 {[%clk 1:09:22]} 7. dxc5 {[%clk 1:22:50]} Na6
{[%clk 1:07:57]} 8. Nf3 {[%clk 1:17:22]} Nxc5 {[%clk 1:07:22]} 9. a3
{[%clk 1:11:06]} Bxc3+ {[%clk 1:03:28]} 10. Qxc3 {[%clk 1:10:49]} Nce4
{[%clk 1:03:52]} 11. Qd4 {[%clk 1:06:29]} d6 {[%clk 1:01:14]} 12. e3
{[%clk 0:56:42]} e5 {[%clk 0:54:07]} 13. Qd1 {[%clk 0:49:03]} Be6
{[%clk 0:53:30]} 14. Be2 {[%clk 0:42:11]} g5 {[%clk 0:47:21]} 15. Bg3
{[%clk 0:41:01]} Rc8 {[%clk 0:46:11]} 16. b3 {[%clk 0:28:41]} b5 {[%clk 0:26:59]}
17. cxb5 {[%clk 0:16:29]} Nc3 {[%clk 0:26:39]} 18. Qc2 {[%clk 0:16:44]} Nxb5
{[%clk 0:21:24]} 19. Qb2 {[%clk 0:15:41]} Nc3 {[%clk 0:14:14]} 20. Ba6
{[%clk 0:08:59]} Rc6 {[%clk 0:11:30]} 21. O-O {[%clk 0:09:08]} Qb6
{[%clk 0:09:44]} 22. Rac1 {[%clk 0:07:46]} Nfd5 {[%clk 0:06:44]} 23. Be2
{[%clk 0:05:21]} Rfc8 {[%clk 0:06:43]} 24. Rce1 {[%clk 0:03:48]} f5
{[%clk 0:06:35]} 25. Qa1 {[%clk 0:01:43]} Qxb3 {[%clk 0:06:10]} 26. Bd1
{[%clk 0:01:35]} Qc4 {[%clk 0:02:43]} 27. h3 {[%clk 0:01:21]} Nxd1
{[%clk 0:02:08]} 28. Rxd1 {[%clk 0:01:46]} Nc3 {[%clk 0:02:19]} 29. Rd2
{[%clk 0:01:23]} Bd5 {[%clk 0:01:11]} 30. Re1 {[%clk 0:00:42]} Re8
{[%clk 0:00:35]} 31. Rc2 {[%clk 0:00:40]} Bxf3 {[%clk 0:00:53]} 32. gxf3
{[%clk 0:01:05]} Qd3 {[%clk 0:00:49]} 33. Qb2 {[%clk 0:01:01]} Rec8
{[%clk 0:00:42]} 34. Kg2 {[%clk 0:00:46]} Kh7 {[%clk 0:00:50]} 35. Rd2
{[%clk 0:01:03]} Qc4 {[%clk 0:00:59]} 36. Rc1 {[%clk 0:00:47]} f4
{[%clk 0:01:21]} 37. Qc2+ {[%clk 0:00:40]} Kg7 {[%clk 0:01:22]} 38. exf4
{[%clk 0:00:51]} exf4 {[%clk 0:00:57]} 39. Bh2 {[%clk 0:01:17]} d5
{[%clk 0:00:40]} 40. Qf5 {[%clk 0:01:32]} Re8 {[%clk 0:00:57]} 41. Qd7+
{[%clk 0:01:01]} Kf8 {[%clk 0:01:26]} 42. Qxa7 {[%clk 0:01:16]} Qc5
{[%clk 0:01:14]} 43. Qh7 {[%clk 0:01:29]} Re7 {[%clk 0:01:16]} 44. Qh8+
{[%clk 0:01:18]} Kf7 {[%clk 0:01:46]} 45. Rd3 {[%clk 0:01:31]} Re2
{[%clk 0:01:34]} 46. Bg1 {[%clk 0:01:58]} d4 {[%clk 0:00:56]} 47. Rxd4
{[%clk 0:02:09]} Qe5 {[%clk 0:01:12]} 48. Qh7+ {[%clk 0:01:46]} Ke8
{[%clk 0:01:15]} 49. Qd7+ {[%clk 0:01:14]} Kf8 {[%clk 0:01:44]} 50. Qxc6
{[%clk 0:01:32]} 1-0

[Event "Kibizov Memorial 2018"]
[Site "?"]
[Date "2018.06.24"]
[Round "4.7"]
[White "Matsenko, Andrei"]
[Black "Yumakhuzhin, Vadim"]
[Result "1/2-1/2"]
[BlackElo "2221"]
[WhiteElo "2299"]
[LiveChessVersion "1.4.8"]

1. d4 {[%clk 1:30:58]} Nf6 {[%clk 1:30:52]} 2. c4 {[%clk 1:31:24]} g6
{[%clk 1:31:18]} 3. Nc3 {[%clk 1:31:52]} Bg7 {[%clk 1:31:42]} 4. e4
{[%clk 1:32:19]} d6 {[%clk 1:32:08]} 5. Be2 {[%clk 1:32:40]} O-O {[%clk 1:32:27]}
6. Nf3 {[%clk 1:33:04]} e5 {[%clk 1:32:39]} 7. Be3 {[%clk 1:33:30]} Ng4
{[%clk 1:24:24]} 8. Bg5 {[%clk 1:31:41]} f6 {[%clk 1:24:34]} 9. Bc1
{[%clk 1:32:06]} Nc6 {[%clk 1:19:51]} 10. d5 {[%clk 1:32:10]} Ne7
{[%clk 1:18:59]} 11. h3 {[%clk 1:31:52]} Nh6 {[%clk 1:19:22]} 12. h4
{[%clk 1:32:20]} Nf7 {[%clk 1:04:17]} 13. h5 {[%clk 1:31:40]} f5 {[%clk 1:03:54]}
14. hxg6 {[%clk 1:25:49]} hxg6 {[%clk 0:55:47]} 15. Bg5 {[%clk 1:23:39]} f4
{[%clk 0:50:38]} 16. Qd3 {[%clk 1:12:00]} Bg4 {[%clk 0:45:48]} 17. Bxe7
{[%clk 1:06:27]} Qxe7 {[%clk 0:46:11]} 18. O-O-O {[%clk 1:03:53]} Bd7
{[%clk 0:44:41]} 19. g4 {[%clk 0:57:29]} a6 {[%clk 0:40:05]} 20. g5
{[%clk 0:52:44]} Nxg5 {[%clk 0:35:06]} 21. Nxg5 {[%clk 0:48:53]} Qxg5
{[%clk 0:35:30]} 22. Rdg1 {[%clk 0:49:06]} Qf6 {[%clk 0:35:17]} 23. Bg4
{[%clk 0:49:12]} Bxg4 {[%clk 0:30:01]} 24. Rxg4 {[%clk 0:49:15]} Kf7
{[%clk 0:28:47]} 25. Rhg1 {[%clk 0:45:41]} 1/2-1/2

[Event "Kibizov Memorial 2018"]
[Site "?"]
[Date "2018.06.24"]
[Round "4.8"]
[White "Sitnikov, Anton"]
[Black "Frolov, Artiom"]
[Result "1/2-1/2"]
[BlackElo "2396"]
[WhiteElo "2436"]
[LiveChessVersion "1.4.8"]

1. e4 {[%clk 1:15:30]} e6 {[%clk 1:30:33]} 2. d4 {[%clk 1:15:44]} d5
{[%clk 1:30:40]} 3. Nd2 {[%clk 1:16:10]} c5 {[%clk 1:30:48]} 4. exd5
{[%clk 1:16:29]} Qxd5 {[%clk 1:30:43]} 5. Ngf3 {[%clk 1:16:44]} cxd4
{[%clk 1:30:39]} 6. Bc4 {[%clk 1:17:01]} Qd6 {[%clk 1:30:38]} 7. O-O
{[%clk 1:17:13]} Nf6 {[%clk 1:30:28]} 8. Re1 {[%clk 1:17:35]} Nc6
{[%clk 1:30:22]} 9. Ne4 {[%clk 1:17:36]} Qd8 {[%clk 1:30:03]} 10. Bb5
{[%clk 1:17:40]} Bd7 {[%clk 1:29:54]} 11. Bg5 {[%clk 1:17:37]} Be7
{[%clk 1:29:39]} 12. Bxf6 {[%clk 1:17:38]} gxf6 {[%clk 1:29:23]} 13. Bxc6
{[%clk 1:17:50]} Bxc6 {[%clk 1:29:30]} 14. Nxd4 {[%clk 1:18:08]} Bxe4
{[%clk 1:28:56]} 15. Rxe4 {[%clk 1:18:32]} Qd5 {[%clk 1:28:54]} 16. Re3
{[%clk 1:18:32]} O-O-O {[%clk 1:28:24]} 17. Rd3 {[%clk 1:18:41]} Rhg8
{[%clk 1:27:48]} 18. Qf1 {[%clk 1:18:45]} Kb8 {[%clk 1:27:24]} 19. Rad1
{[%clk 1:18:25]} Rc8 {[%clk 1:26:56]} 20. Nxe6 {[%clk 1:17:55]} Qxe6
{[%clk 1:26:11]} 21. Re3 {[%clk 1:17:58]} Qf5 {[%clk 1:25:54]} 22. Rxe7
{[%clk 1:18:17]} Rxc2 {[%clk 1:25:35]} 23. b4 {[%clk 1:18:31]} Rxa2
{[%clk 1:25:18]} 24. Rdd7 {[%clk 1:18:16]} Rxg2+ {[%clk 1:24:50]} 25. Kxg2
{[%clk 1:18:40]} Qg4+ {[%clk 1:25:00]} 26. Kh1 {[%clk 1:19:07]} Qf3+
{[%clk 1:25:13]} 27. Kg1 {[%clk 1:19:32]} Qg4+ {[%clk 1:25:28]} 28. Kh1
{[%clk 1:19:58]} Qf3+ {[%clk 1:25:43]} 29. Kg1 {[%clk 1:20:27]} 1/2-1/2

[Event "Kibizov Memorial 2018"]
[Site "?"]
[Date "2018.06.24"]
[Round "4.9"]
[White "Tologontegin, Semetey"]
[Black "Berzinsh, Roland"]
[Result "1-0"]
[BlackElo "2410"]
[WhiteElo "2398"]
[LiveChessVersion "1.4.8"]

1. d4 {[%clk 1:27:34]} d5 {[%clk 1:29:59]} 2. Bf4 {[%clk 1:27:55]} Nf6
{[%clk 1:29:33]} 3. e3 {[%clk 1:27:56]} e6 {[%clk 1:26:00]} 4. Nd2
{[%clk 1:25:34]} Be7 {[%clk 1:23:53]} 5. Ngf3 {[%clk 1:23:28]} O-O
{[%clk 1:21:56]} 6. Bd3 {[%clk 1:22:57]} b6 {[%clk 1:21:34]} 7. Ne5
{[%clk 1:10:39]} Bb7 {[%clk 1:09:46]} 8. Qf3 {[%clk 1:05:02]} Ne8
{[%clk 1:04:06]} 9. Qh3 {[%clk 0:54:57]} f5 {[%clk 1:04:26]} 10. g4
{[%clk 0:54:21]} Nd6 {[%clk 1:04:47]} 11. Rg1 {[%clk 0:52:07]} Nd7
{[%clk 1:03:56]} 12. gxf5 {[%clk 0:47:10]} Nxf5 {[%clk 1:03:14]} 13. Bxf5
{[%clk 0:17:34]} Rxf5 {[%clk 1:03:10]} 14. Qh6 {[%clk 0:14:25]} Bf6
{[%clk 0:56:17]} 15. Rxg7+ {[%clk 0:14:46]} Bxg7 {[%clk 0:56:39]} 16. Qxe6+
{[%clk 0:15:13]} Kh8 {[%clk 0:57:02]} 17. Qxf5 {[%clk 0:15:30]} Nxe5
{[%clk 0:57:23]} 18. Bxe5 {[%clk 0:15:18]} Qe7 {[%clk 0:57:45]} 19. c3
{[%clk 0:06:43]} Rg8 {[%clk 0:57:17]} 20. Bg3 {[%clk 0:05:02]} Rf8
{[%clk 0:57:18]} 21. Qh5 {[%clk 0:05:15]} c6 {[%clk 0:54:44]} 22. O-O-O
{[%clk 0:03:27]} Bc8 {[%clk 0:55:05]} 23. Rg1 {[%clk 0:03:28]} Bf5
{[%clk 0:55:26]} 24. Qh4 {[%clk 0:03:11]} Bf6 {[%clk 0:54:36]} 25. Qf4
{[%clk 0:03:22]} Bg6 {[%clk 0:53:20]} 26. Qd6 {[%clk 0:03:38]} Qe8
{[%clk 0:53:43]} 27. Nf3 {[%clk 0:02:06]} Qf7 {[%clk 0:52:22]} 28. Qxc6
{[%clk 0:01:30]} Bg7 {[%clk 0:52:26]} 29. Ne5 {[%clk 0:01:16]} Bxe5
{[%clk 0:52:49]} 30. Bxe5+ {[%clk 0:01:44]} Kg8 {[%clk 0:53:18]} 31. f4
{[%clk 0:01:45]} Qf5 {[%clk 0:53:42]} 32. Qxd5+ {[%clk 0:02:06]} Rf7
{[%clk 0:53:54]} 33. Qd8+ {[%clk 0:02:19]} Rf8 {[%clk 0:54:21]} 34. Qd5+
{[%clk 0:02:46]} Rf7 {[%clk 0:54:49]} 35. e4 {[%clk 0:02:11]} Qh3
{[%clk 0:55:13]} 36. Qd8+ {[%clk 0:02:34]} Rf8 {[%clk 0:55:42]} 37. Qd5+
{[%clk 0:03:03]} Rf7 {[%clk 0:56:10]} 38. Rg3 {[%clk 0:02:16]} 1-0

[Event "Kibizov Memorial 2018"]
[Site "?"]
[Date "2018.06.24"]
[Round "4.10"]
[White "Nugumanov, Bakhtiyar"]
[Black "Remizov, Yaroslav"]
[Result "1-0"]
[BlackElo "2308"]
[WhiteElo "2413"]
[LiveChessVersion "1.4.8"]

1. e4 {[%clk 1:26:46]} c5 {[%clk 1:30:57]} 2. Nf3 {[%clk 1:26:59]} d6
{[%clk 1:31:24]} 3. Bc4 {[%clk 1:26:51]} Nf6 {[%clk 1:28:22]} 4. d3
{[%clk 1:27:01]} e6 {[%clk 1:27:07]} 5. Bb3 {[%clk 1:26:41]} Be7 {[%clk 1:26:58]}
6. O-O {[%clk 1:25:48]} O-O {[%clk 1:25:46]} 7. Re1 {[%clk 1:25:56]} Nbd7
{[%clk 1:24:07]} 8. c3 {[%clk 1:23:54]} b6 {[%clk 1:18:54]} 9. Nbd2
{[%clk 1:22:22]} Bb7 {[%clk 1:17:12]} 10. Nf1 {[%clk 1:22:06]} Rc8
{[%clk 1:11:37]} 11. Ng3 {[%clk 1:20:26]} Ne5 {[%clk 1:01:05]} 12. Bf4
{[%clk 1:13:16]} Ng6 {[%clk 0:37:37]} 13. Bg5 {[%clk 1:08:50]} Kh8
{[%clk 0:28:17]} 14. Qd2 {[%clk 1:04:39]} h6 {[%clk 0:23:44]} 15. Be3
{[%clk 0:59:07]} Ng4 {[%clk 0:22:52]} 16. Rad1 {[%clk 0:57:14]} Nxe3
{[%clk 0:23:07]} 17. Qxe3 {[%clk 0:57:16]} Bg5 {[%clk 0:22:16]} 18. Nxg5
{[%clk 0:57:00]} Qxg5 {[%clk 0:22:45]} 19. Nf1 {[%clk 0:55:10]} Qxe3
{[%clk 0:21:26]} 20. Nxe3 {[%clk 0:55:10]} Ne7 {[%clk 0:20:26]} 21. f4
{[%clk 0:52:02]} g6 {[%clk 0:18:06]} 22. Kf2 {[%clk 0:46:48]} Rcd8
{[%clk 0:13:55]} 23. e5 {[%clk 0:42:02]} d5 {[%clk 0:13:51]} 24. d4
{[%clk 0:41:27]} c4 {[%clk 0:13:39]} 25. Bc2 {[%clk 0:41:55]} b5 {[%clk 0:12:40]}
26. Ke2 {[%clk 0:41:31]} a5 {[%clk 0:09:27]} 27. Kd2 {[%clk 0:41:11]} Kg7
{[%clk 0:08:27]} 28. Rf1 {[%clk 0:40:08]} h5 {[%clk 0:08:02]} 29. Rde1
{[%clk 0:39:04]} Bc6 {[%clk 0:07:31]} 30. g3 {[%clk 0:39:03]} b4 {[%clk 0:05:13]}
31. h3 {[%clk 0:38:57]} Rh8 {[%clk 0:04:41]} 32. Rf2 {[%clk 0:35:23]} Bd7
{[%clk 0:02:10]} 33. g4 {[%clk 0:35:19]} hxg4 {[%clk 0:02:39]} 34. hxg4
{[%clk 0:35:48]} f5 {[%clk 0:01:43]} 35. exf6+ Kxf6 36. Ree2 {[%clk 0:24:55]} Rh1
{[%clk 0:01:51]} 37. g5+ {[%clk 0:18:50]} Kg7 {[%clk 0:02:20]} 38. Rh2
{[%clk 0:18:20]} Rh8 {[%clk 0:02:39]} 39. Ng4 {[%clk 0:18:12]} Bc8 40. Rxh8
{[%clk 0:18:18]} Rxh8 {[%clk 0:01:35]} 41. Rh2 {[%clk 0:18:30]} Rxh2+
{[%clk 0:02:05]} 42. Nxh2 {[%clk 0:18:58]} Bd7 {[%clk 0:01:25]} 43. Ng4
{[%clk 0:19:14]} Bb5 {[%clk 0:00:57]} 44. Ne5 {[%clk 0:19:19]} Nc6
{[%clk 0:01:00]} 45. Nxg6 {[%clk 0:18:45]} b3 {[%clk 0:01:26]} 46. axb3
{[%clk 0:19:04]} cxb3 {[%clk 0:01:54]} 47. Bb1 {[%clk 0:19:08]} a4
{[%clk 0:02:20]} 48. Kc1 {[%clk 0:16:06]} Na5 {[%clk 0:00:43]} 49. Ne5
{[%clk 0:16:01]} Be8 {[%clk 0:00:41]} 50. Bd3 {[%clk 0:15:30]} Nc6
{[%clk 0:00:33]} 51. Nxc6 {[%clk 0:13:21]} Bxc6 {[%clk 0:01:03]} 52. c4
{[%clk 0:13:24]} dxc4 {[%clk 0:00:55]} 53. Bxc4 {[%clk 0:13:53]} Bd7
{[%clk 0:01:22]} 54. Kd2 {[%clk 0:11:48]} Kg6 {[%clk 0:01:29]} 55. Ke3
{[%clk 0:11:12]} Kh5 {[%clk 0:00:48]} 56. Be2+ {[%clk 0:11:29]} Kg6
{[%clk 0:01:10]} 57. Bd3+ {[%clk 0:11:43]} Kg7 {[%clk 0:01:27]} 58. Kd2
{[%clk 0:11:55]} Kf7 {[%clk 0:01:15]} 59. Kc3 {[%clk 0:12:01]} Kg7
{[%clk 0:01:39]} 60. Kb4 {[%clk 0:11:51]} Bc6 {[%clk 0:00:42]} 61. Bc4
{[%clk 0:11:21]} Bd7 {[%clk 0:00:57]} 62. Bxb3 {[%clk 0:10:42]} axb3
{[%clk 0:01:22]} 63. Kxb3 {[%clk 0:11:11]} Kg6 {[%clk 0:00:39]} 64. Kc4
{[%clk 0:11:35]} Kf5 {[%clk 0:00:43]} 65. b4 {[%clk 0:11:48]} Kxf4
{[%clk 0:00:32]} 66. g6 {[%clk 0:12:01]} e5 {[%clk 0:00:32]} 67. g7
{[%clk 0:11:45]} Be6+ {[%clk 0:00:33]} 68. d5 {[%clk 0:12:14]} Bf7
{[%clk 0:01:02]} 1-0